[Event "Chascomus U2200 op"]
[Site "Chascomus"]
[Date "2016.08.05"]
[Round "2.7"]
[White "Chan, Alex H"]
[Black "Bergo, Mario Luis"]
[Result "0-1"]
[WhiteElo "1930"]
[BlackElo "1781"]
[PlyCount "74"]
[EventDate "2016.08.05"]
[EventType "swiss"]
[EventRounds "6"]
[EventCountry "ARG"]
[SourceTitle "EXT 2024"]
[Source "ChessBase"]
[SourceDate "2023.10.10"]
[SourceVersion "1"]
[SourceVersionDate "2023.10.10"]
[SourceQuality "1"]

1. d4 Nf6 2. Bf4 Nh5 3. Bg5 h6 4. Bh4 Nf4 5. e3 Ng6 6. Bg3 d5 7. Bd3 c6 8. Qh5 Be6 9. Bxg6 fxg6 10. Qxg6+ Bf7 11. Qd3 Nd7 12. Nd2 a5 13. Ngf3 g5 14. Ne5 Bg7 15. Ndf3 Bh5 16. Nxd7 Qxd7 17. Ne5 Qe6 18. 0-0 0-0 19. c3 a4 20. f3 Ra6 21. Qe2 c5 22. Nd3 cxd4 23. Nc5 Qxe3+ 24. Qxe3 dxe3 25. Nxa6 bxa6 26. Rfe1 d4 27. Rad1 e5 28. cxd4 exd4 29. Bc7 Bg6 30. Bb6 d3 31. Bxe3 Bxb2 32. Bc5 Rc8 33. Bb4 Rc6 34. g3 a3 35. Re7 Bf5 36. Re8+ Kf7 37. Rf8+ Kg6 0-1

[Event "Chascomus U2200 op"]
[Site "Chascomus"]
[Date "2016.08.05"]
[Round "1.5"]
[White "Secul, Juan"]
[Black "Chan, Alex H"]
[Result "1-0"]
[WhiteElo "1734"]
[BlackElo "1930"]
[PlyCount "39"]
[EventDate "2016.08.05"]
[EventType "swiss"]
[EventRounds "6"]
[EventCountry "ARG"]
[SourceTitle "EXT 2024"]
[Source "ChessBase"]
[SourceDate "2023.10.10"]
[SourceVersion "1"]
[SourceVersionDate "2023.10.10"]
[SourceQuality "1"]

1. e4 e6 2. d3 d5 3. Nd2 Nf6 4. g3 Be7 5. Bg2 c5 6. Ngf3 Nc6 7. 0-0 0-0 8. Re1 Re8 9. e5 Nd7 10. Nf1 Qc7 11. Bf4 b5 12. h4 Bb7 13. N1h2 c4 14. d4 b4 15. c3 a5 16. Ng4 a4 17. Ng5 Nf8 18. Nf6+ gxf6 19. exf6 Bd6 20. Qh5 1-0

[Event "CAN-ch U14"]
[Site "Windsor"]
[Date "2010.07.07"]
[Round "3"]
[White "Chan, Alex H"]
[Black "Qin, Zi Yi"]
[Result "0-1"]
[WhiteElo "1820"]
[BlackElo "2340"]
[PlyCount "96"]
[EventDate "2010.07.06"]
[EventType "swiss"]
[EventRounds "7"]
[EventCountry "CAN"]
[SourceTitle "EXT 2012"]
[Source "ChessBase"]
[SourceDate "2011.11.24"]
[SourceVersion "1"]
[SourceVersionDate "2011.11.24"]
[SourceQuality "1"]

1. e4 c5 2. Nf3 d6 3. d4 cxd4 4. Nxd4 Nf6 5. Nc3 a6 6. f3 e5 7. Nb3 Be6 8. Be3 Nbd7 9. Qd2 b5 10. g4 Nb6 11. 0-0-0 Rc8 12. Kb1 Be7 13. Qf2 Nfd7 14. h4 Rxc3 15. bxc3 Na4 16. Bd2 Qc7 17. Qe1 Ndb6 18. Bd3 Nc4 19. Bc1 0-0 20. g5 Rc8 21. Ka1 Ncb6 22. Bd2 d5 23. Rg1 Ba3 24. Rb1 Nc4 25. Bxc4 bxc4 26. Bc1 Bf8 27. Bb2 cxb3 28. cxb3 Nxb2 29. Kxb2 d4 30. c4 a5 31. Qe2 Qc5 32. Kc2 Qb4 33. Qd2 Qb6 34. Kd3 Bb4 35. Qc2 Qc5 36. Rgd1 Qe7 37. Rh1 f5 38. gxf6 Qxf6 39. Ke2 d3+ 40. Qxd3 Rd8 41. Qe3 Rd2+ 42. Kf1 Qd8 43. Kg1 Qd6 44. Kf1 Bc5 45. Qc3 Rf2+ 46. Ke1 Rxa2 47. Rd1 Bf2+ 48. Kf1 Bh3+ 0-1

[Event "Enschede op-C U14"]
[Site "Enschede"]
[Date "2009.08.05"]
[Round "6"]
[White "Haver, Daan"]
[Black "Chan, Alex H"]
[Result "1-0"]
[WhiteElo "1666"]
[BlackElo "1198"]
[PlyCount "63"]
[EventDate "2009.08.03"]
[EventType "swiss"]
[EventRounds "7"]
[EventCountry "NED"]
[SourceTitle "CBM 132 Extra"]
[Source "ChessBase"]
[SourceDate "2009.11.03"]
[SourceVersion "1"]
[SourceVersionDate "2009.11.03"]
[SourceQuality "1"]

1. e4 c5 2. Nc3 g6 3. g3 Bg7 4. Bg2 Nc6 5. d3 d6 6. f4 Nf6 7. Nf3 0-0 8. 0-0 Bg4 9. h3 Bxf3 10. Bxf3 Nd4 11. Be3 Nd7 12. Rb1 Rb8 13. g4 b5 14. Kg2 a6 15. Ne2 Nc6 16. Rh1 b4 17. Bd2 Nb6 18. g5 Na4 19. b3 Nc3 20. Bxc3 bxc3 21. h4 f6 22. Qe1 Nb4 23. Qxc3 fxg5 24. Qc4+ Kh8 25. hxg5 Rb5 26. Rh4 e5 27. Qe6 Qe8 28. Qxe8 Rxe8 29. Bg4 Nxc2 30. Bd7 Reb8 31. Bxb5 axb5 32. Rbh1 1-0

[Event "CAN-ch U12"]
[Site "Ottawa"]
[Date "2007.07.05"]
[Round "6"]
[White "Itkin, David"]
[Black "Chan, Alex H"]
[Result "1-0"]
[WhiteElo "1482"]
[BlackElo "1675"]
[PlyCount "65"]
[EventDate "2007.07.03"]
[EventType "swiss"]
[EventRounds "7"]
[EventCountry "CAN"]
[SourceTitle "EXT 2022"]
[Source "ChessBase"]
[SourceDate "2021.10.06"]
[SourceVersion "1"]
[SourceVersionDate "2021.10.06"]
[SourceQuality "1"]

1. e4 e5 2. d4 exd4 3. Qxd4 Nc6 4. Qe3 d6 5. Nc3 Nf6 6. Bd2 g6 7. 0-0-0 Bg7 8. f4 Qe7 9. h3 Bd7 10. Nf3 a6 11. e5 dxe5 12. fxe5 Ng8 13. Nd5 Qd8 14. Kb1 Nge7 15. Nf6+ Kf8 16. Bd3 Bf5 17. Bxf5 Nxf5 18. Bb4+ Nxb4 19. Rxd8+ Rxd8 20. Qc5+ Ne7 21. Qxb4 Bh6 22. a4 b6 23. Ng4 Bg7 24. Qc4 Nd5 25. Kc1 f5 26. exf6 Bxf6 27. Rd1 Kg7 28. Nxf6 Nxf6 29. Qxc7+ Kh6 30. Rxd8 Rxd8 31. Qxd8 Kg7 32. Qe7+ Kg8 33. Qxf6 1-0

[Event "CAN-ch U10"]
[Site "Kitchener"]
[Date "2006.07.13"]
[Round "7"]
[White "Wasserman, Leor"]
[Black "Chan, Alex H"]
[Result "1/2-1/2"]
[WhiteElo "1369"]
[BlackElo "1429"]
[PlyCount "61"]
[EventDate "2006.07.10"]
[EventType "swiss"]
[EventRounds "7"]
[EventCountry "CAN"]
[SourceTitle "CBM 113 Extra"]
[Source "ChessBase"]
[SourceDate "2006.09.14"]
[SourceVersion "1"]
[SourceVersionDate "2006.09.14"]
[SourceQuality "1"]

1. e4 e5 2. Nf3 Nc6 3. Bc4 Bc5 4. d3 h6 5. Nc3 d6 6. Na4 Bb6 7. Nxb6 axb6 8. h3 Nf6 9. 0-0 0-0 10. Re1 Be6 11. Bxe6 fxe6 12. a3 Nd7 13. c3 Qf6 14. Be3 Rad8 15. Qc2 Ne7 16. d4 Ng6 17. Qb3 Rde8 18. Rad1 Nh4 19. Nxh4 Qxh4 20. d5 Qf6 21. Qb5 Nc5 22. Bxc5 bxc5 23. Rf1 exd5 24. exd5 Qf7 25. Rd2 b6 26. Qe2 Qg6 27. Rd3 e4 28. Re3 Re5 29. Re1 Rfe8 30. c4 Rg5 31. f3 1/2-1/2